000 01014nas a2200277 4500
001 BR9207923
003 BR-BrBNA
005 20231205093047.0
007 ta
008 230509b bl.|||p| |||| 00| 00por d
040 _aBR-BrBNA
_bpor
_cBiblioteca Nacional de Agricultura
041 _a(En)
072 _aQ03
100 1 _aTorrano, A.D.M.
100 1 _aJuliano, A.M. de M.
100 1 _aPetrus, J.C.C.
245 1 _aMicrobiological aspects during processing of Prato cheese enriched with concentrated whey proteins (CWP)recovered by ultrafiltration
246 1 _aMicrobiological aspects during processing of Prato cheese enriched with concentrated whey proteins (CWP)recovered by ultrafiltration
650 _aQUEIJO
650 _aMICROBIOLOGIA DE ALIMENTO
650 _aSORO DE LEITE
650 _aFILTRACAO
773 0 _tArquivos de Biologia e Tecnologia (Brazil)
_xISSN 0365-0979
_g(Jun 1989), v. 32(2) p. 319-324
_wBR9207923
909 _a202311
_bLúcia
_c55
_dLúcia Elande
942 _2AGRIS
_n0
_cANA
999 _c135962
_d135962